[Event "BCF-ch U14"]
[Site "Llandudno"]
[Date "2017.08.01"]
[Round "3"]
[White "Govindaraj, Neya"]
[Black "Fraser, Susanna"]
[Result "0-1"]
[WhiteElo "1318"]
[BlackElo "1475"]
[PlyCount "72"]
[EventDate "2017.07.30"]
[EventType "swiss"]
[EventRounds "7"]
[EventCountry "WLS"]
[SourceTitle "CBM 179 Extra"]
[Source "ChessBase"]
[SourceDate "2017.08.23"]
[SourceVersion "1"]
[SourceVersionDate "2017.08.23"]
[SourceQuality "1"]

1. d4 d5 2. c4 e6 3. Nc3 Nf6 4. Bg5 Be7 5. Nf3 0-0 6. e3 Nbd7 7. Qc2 c5 8. 0-0-0 b6 9. h4 h6 10. Be2 Bb7 11. Bf4 cxd4 12. Rxd4 Bc5 13. Rdd1 Rc8 14. Rhg1 Qe7 15. Kb1 dxc4 16. Nd2 Nd5 17. g3 Nxf4 18. gxf4 Qxh4 19. Nxc4 Rfd8 20. Rg4 Qf6 21. Rdg1 Bf8 22. f3 Bxf3 23. Bxf3 Rxc4 24. Qh2 Kh8 25. Ne4 Qf5 26. Rg5 Qh7 27. R5g3 Nc5 28. Ka1 Nxe4 29. Bxe4 Rxe4 30. Qh5 Qf5 31. Rg5 Qf6 32. Qh3 Rd3 33. R5g3 Ba3 34. Qh2 Rdxe3 35. Kb1 Rxg3 36. Rxg3 Re1+ 0-1

[Event "Gilbert Cup"]
[Site "Cardiff"]
[Date "2017.07.24"]
[Round "1.2"]
[White "Ferguson, Dayna"]
[Black "Govindaraj, Neya"]
[Result "1-0"]
[WhiteElo "1451"]
[BlackElo "1318"]
[PlyCount "133"]
[EventDate "2017.07.24"]
[EventType "team-tourn"]
[EventRounds "5"]
[EventCountry "WLS"]
[SourceTitle "CBM 179 Extra"]
[Source "ChessBase"]
[SourceDate "2017.08.23"]
[SourceVersion "1"]
[SourceVersionDate "2017.08.23"]
[SourceQuality "1"]
[WhiteTeam "Ireland (W)"]
[BlackTeam "Wales (W) II"]
[WhiteTeamCountry "IRL"]
[BlackTeamCountry "WLS"]

1. d4 Nf6 2. c4 g6 3. Nc3 Bg7 4. e4 d6 5. h3 Nbd7 6. Nf3 c5 7. d5 0-0 8. Be3 Qa5 9. Qd2 Rb8 10. Bd3 a6 11. 0-0 b5 12. Rfe1 bxc4 13. Bxc4 Qb4 14. Qe2 Qxb2 15. Qxb2 Rxb2 16. Bb3 c4 17. Bc1 Rxb3 18. axb3 Nxd5 19. Nxd5 Bxa1 20. Nxe7+ Kg7 21. bxc4 Bf6 22. Nd5 Bb7 23. Ba3 Rc8 24. Rb1 Bxd5 25. cxd5 Be5 26. Kf1 Rc4 27. Nxe5 dxe5 28. Rb4 Rxb4 29. Bxb4 g5 30. Ke2 Kg6 31. g4 h5 32. Kd3 hxg4 33. hxg4 f6 34. Kc3 Kf7 35. Kb3 Ke8 36. Ka4 Nb6+ 37. Ka5 Nc4+ 38. Kxa6 Kd7 39. Kb7 Nb2 40. Bc5 Nd3 41. Kb6 Nb2 42. Kb5 Nd3 43. Kc4 Ne1 44. Kc3 Nf3 45. Kd3 Nh2 46. Ke3 Nxg4+ 47. Kf3 Nh2+ 48. Kg2 Ng4 49. Bf8 Ke8 50. Bg7 Kf7 51. d6 f5 52. d7 Ke7 53. exf5 e4 54. Kg3 e3 55. f6+ Kd8 56. fxe3 Ne5 57. Bh6 Kxd7 58. Bxg5 Ke6 59. Kf4 Nd7 60. Ke4 Nc5+ 61. Kd4 Nd7 62. e4 Nxf6 63. Bxf6 Kxf6 64. Kd5 Kf7 65. Kd6 Ke8 66. Ke6 Kd8 67. Kf7 1-0

[Event "Gilbert Cup"]
[Site "Cardiff"]
[Date "2017.07.24"]
[Round "2.8"]
[White "Fraser, Susanna"]
[Black "Govindaraj, Neya"]
[Result "1-0"]
[WhiteElo "1475"]
[BlackElo "1318"]
[PlyCount "87"]
[EventDate "2017.07.24"]
[EventType "team-tourn"]
[EventRounds "5"]
[EventCountry "WLS"]
[SourceTitle "CBM 179 Extra"]
[Source "ChessBase"]
[SourceDate "2017.08.23"]
[SourceVersion "1"]
[SourceVersionDate "2017.08.23"]
[SourceQuality "1"]
[WhiteTeam "Wales (W)"]
[BlackTeam "Wales (W) II"]
[WhiteTeamCountry "WLS"]
[BlackTeamCountry "WLS"]

1. d4 g6 2. c4 Bg7 3. Nc3 Nf6 4. e4 d6 5. Nf3 0-0 6. Be2 Nbd7 7. 0-0 c5 8. d5 Nb6 9. h3 Bd7 10. Be3 Qc7 11. Qd2 e6 12. Bh6 exd5 13. exd5 Rfe8 14. Bxg7 Kxg7 15. Bd3 Na4 16. Nxa4 Bxa4 17. b3 Bd7 18. Rfe1 a6 19. a4 Rxe1+ 20. Rxe1 Re8 21. Rxe8 Bxe8 22. Be2 Qe7 23. Bf1 Nd7 24. Nh2 f5 25. Nf3 Ne5 26. Qc3 Qf6 27. Nxe5 dxe5 28. Be2 e4 29. Qd2 Qd6 30. f3 exf3 31. Bxf3 b5 32. axb5 axb5 33. Qe2 Bf7 34. cxb5 Kf8 35. Qc4 Ke7 36. Qh4+ Ke8 37. Qxh7 Bxd5 38. Bxd5 Qxd5 39. Qxg6+ Kd8 40. Qb6+ Kc8 41. Qc6+ Qxc6 42. bxc6 Kc7 43. h4 Kxc6 44. h5 1-0

[Event "BCF-ch Week2 PM op"]
[Site "Coventry"]
[Date "2015.08.05"]
[Round "3"]
[White "Govindaraj, Neya"]
[Black "Watson, Dave"]
[Result "1/2-1/2"]
[WhiteElo "1087"]
[BlackElo "1435"]
[PlyCount "133"]
[EventDate "2015.08.03"]
[EventType "swiss"]
[EventRounds "5"]
[EventCountry "ENG"]
[SourceTitle "CBM 167 Extra"]
[Source "ChessBase"]
[SourceDate "2015.09.14"]
[SourceVersion "1"]
[SourceVersionDate "2015.09.14"]
[SourceQuality "1"]

1. d4 d5 2. Nc3 Nf6 3. Bg5 Bf5 4. f3 c6 5. Bxf6 exf6 6. e4 Be6 7. Qd2 Bb4 8. a3 Ba5 9. 0-0-0 b5 10. Qe3 0-0 11. Nge2 Nd7 12. g4 Qb6 13. b4 Rfb8 14. h4 Qa6 15. bxa5 Qxa5 16. Bg2 Qxa3+ 17. Kd2 Nb6 18. Ra1 Qxa1 19. Rxa1 Nc4+ 20. Kd3 Nxe3 21. Kxe3 b4 22. exd5 cxd5 23. Na4 Re8 24. Kd2 a5 25. Nf4 Reb8 26. Nc5 a4 27. Nfxe6 fxe6 28. Rxa4 Rxa4 29. Nxa4 Ra8 30. Nc5 Kf7 31. f4 Ra1 32. f5 exf5 33. gxf5 Rg1 34. Bxd5+ Ke7 35. c3 bxc3+ 36. Kxc3 Rg4 37. h5 Rh4 38. Ne6 Rxh5 39. Nxg7 Rg5 40. Ne6 Rxf5 41. Kc4 Kd6 42. Be4 Rh5 43. Nf8 f5 44. Ba8 Ke7 45. Nxh7 Rxh7 46. Kd3 Kf6 47. Ke3 Re7+ 48. Kf3 Rh7 49. d5 Rh4 50. Kg3 Rg4+ 51. Kf3 Ke5 52. Bc6 Rb4 53. Ke3 f4+ 54. Kf3 Rb3+ 55. Kg2 Rg3+ 56. Kf2 Rd3 57. Ke2 Re3+ 58. Kf2 Rd3 59. Ke2 Rxd5 60. Bxd5 Kxd5 61. Kf3 Ke5 62. Kf2 Ke4 63. Ke2 f3+ 64. Kf2 Kf4 65. Kf1 Ke3 66. Ke1 Kf4 67. Kf1 1/2-1/2

[Event "BCF-ch U12"]
[Site "Coventry"]
[Date "2015.08.03"]
[Round "3"]
[White "Watson, Mikey J"]
[Black "Govindaraj, Neya"]
[Result "1-0"]
[WhiteElo "127"]
[BlackElo "1087"]
[PlyCount "71"]
[EventDate "2015.08.02"]
[EventType "swiss"]
[EventRounds "7"]
[EventCountry "ENG"]
[SourceTitle "CBM 167 Extra"]
[Source "ChessBase"]
[SourceDate "2015.09.14"]
[SourceVersion "1"]
[SourceVersionDate "2015.09.14"]
[SourceQuality "1"]

1. e4 d6 2. d4 g6 3. Nc3 Bg7 4. Nf3 Nf6 5. h3 0-0 6. Bc4 Nxe4 7. Bxf7+ Kxf7 8. Nxe4 d5 9. Nc5 Kg8 10. 0-0 b6 11. Nd3 Nd7 12. Nde5 Nf6 13. Be3 Be6 14. Ng5 Bf5 15. Re1 h6 16. Ngf3 Qd6 17. Nh4 Be4 18. Nhxg6 Bxg6 19. Nxg6 Rf7 20. Bf4 Qd8 21. Ne5 Rf8 22. Nc6 Qd7 23. Nxe7+ Kh7 24. f3 Qb5 25. c3 Rfe8 26. Qc2+ Kh8 27. b3 c5 28. Qg6 Qd7 29. Nf5 h5 30. Bh6 Bxh6 31. Qxh6+ Nh7 32. Qxh5 Rf8 33. Ne7 Rf6 34. Ng6+ Kg8 35. Re7 Qxe7 36. Nxe7+ 1-0

[Event "South Wales op 11th"]
[Site "Cardiff"]
[Date "2014.08.25"]
[Round "2"]
[White "Govindaraj, Neya"]
[Black "Turton, Thomas"]
[Result "1/2-1/2"]
[WhiteElo "1076"]
[BlackElo "1562"]
[PlyCount "105"]
[EventDate "2014.08.25"]
[EventType "swiss"]
[EventRounds "9"]
[EventCountry "WLS"]
[SourceTitle "CBM 162 Extra"]
[Source "ChessBase"]
[SourceDate "2014.10.17"]
[SourceVersion "1"]
[SourceVersionDate "2014.10.17"]
[SourceQuality "1"]

1. d4 d5 2. c4 Nc6 3. cxd5 Qxd5 4. Nf3 Bg4 5. Nc3 Qd7 6. d5 Bxf3 7. exf3 Ne5 8. Bb5 c6 9. dxc6 Qxd1+ 10. Nxd1 bxc6 11. Be2 Nf6 12. Nc3 e6 13. Ne4 Bb4+ 14. Bd2 Bxd2+ 15. Kxd2 Rd8+ 16. Ke1 Nd5 17. Kf1 0-0 18. g3 Nb4 19. f4 Ned3 20. a3 Nc2 21. Rb1 Rd4 22. Rd1 Nxb2 23. Rxd4 Nxd4 24. Ba6 Rd8 25. Kg2 Na4 26. Rc1 f5 27. Ng5 h6 28. Nf3 Nxf3 29. Kxf3 Rd6 30. Bc8 Nb6 31. Bb7 Rd3+ 32. Ke2 Rxa3 33. Rxc6 Kf7 34. h3 Rb3 35. Bc8 Nxc8 36. Rxc8 a5 37. Ra8 Rb5 38. Kd3 g5 39. fxg5 hxg5 40. Kc4 Re5 41. Kb3 f4 42. Ka4 fxg3 43. fxg3 Rd5 44. Rxa5 Rxa5+ 45. Kxa5 Kf6 46. Kb4 Kf5 47. Kc4 Ke4 48. h4 Kf5 49. hxg5 Kxg5 50. Kd4 Kf5 51. Ke3 e5 52. g4+ Ke6 53. Ke4 1/2-1/2

[Event "BCF-ch U11"]
[Site "Aberystwyth"]
[Date "2014.07.23"]
[Round "2"]
[White "Xu, David"]
[Black "Govindaraj, Neya"]
[Result "1-0"]
[WhiteElo "151"]
[BlackElo "109"]
[PlyCount "137"]
[EventDate "2014.07.22"]
[EventType "swiss"]
[EventRounds "7"]
[EventCountry "WLS"]
[SourceTitle "EXT 2017"]
[Source "ChessBase"]
[SourceDate "2016.10.25"]
[SourceVersion "1"]
[SourceVersionDate "2016.10.25"]
[SourceQuality "1"]

1. c4 Nf6 2. g3 g6 3. Bg2 Bg7 4. d4 0-0 5. Nf3 d6 6. Nc3 Na6 7. 0-0 c5 8. Re1 Qb6 9. e3 Bf5 10. a3 Ne4 11. Na4 Qc7 12. Nh4 Qd7 13. Nxf5 Qxf5 14. Qc2 Ng5 15. Qxf5 gxf5 16. Rd1 Rab8 17. Nc3 cxd4 18. exd4 Ne6 19. Ne2 b5 20. b3 bxc4 21. bxc4 Rfc8 22. Bd5 Nac7 23. Bc6 Na6 24. Bb5 Nac7 25. Bd7 Rd8 26. Ba4 Rdc8 27. Be3 Na6 28. Bb5 Nac7 29. Bd7 Rd8 30. Ba4 Rdc8 31. Rab1 Rxb1 32. Rxb1 Na6 33. Bb5 Nac7 34. Bd7 Rd8 35. Ba4 Rc8 36. Bc2 Na6 37. Bd3 Rc6 38. d5 Rc7 39. dxe6 fxe6 40. Nf4 Kf7 41. Rb5 Nc5 42. Bxc5 Rxc5 43. Rxc5 dxc5 44. Bc2 e5 45. Nd3 e4 46. Nxc5 Bd4 47. Nb3 e5 48. Nxd4 exd4 49. Kf1 d3 50. Ke1 dxc2 51. Kd2 Ke6 52. Kxc2 Kd6 53. Kc3 Kc5 54. a4 a5 55. h3 h6 56. g4 f4 57. h4 e3 58. fxe3 fxe3 59. Kd3 e2 60. Kxe2 Kxc4 61. g5 hxg5 62. h5 Kb4 63. h6 Kxa4 64. h7 Ka3 65. h8Q a4 66. Qc3+ Ka2 67. Kd2 a3 68. Kc1 g4 69. Qc2+ 1-0